[Event "Titled Tuesday intern op 14th Sept"]
[Site "Chess.com INT"]
[Date "2021.09.14"]
[Round "4"]
[White "Ondrus, Martin"]
[Black "Silvestre, Christian"]
[Result "0-1"]
[WhiteElo "2274"]
[BlackElo "1942"]
[PlyCount "104"]
[EventDate "2021.09.14"]
[EventType "swiss (blitz)"]
[EventRounds "11"]
[EventCountry "USA"]
[SourceTitle "EXT 2022"]
[Source "ChessBase"]
[SourceDate "2021.10.06"]
[SourceVersion "1"]
[SourceVersionDate "2021.10.06"]
[SourceQuality "1"]

1. e4 c6 2. d4 d5 3. e5 a6 4. Bd3 c5 5. c3 Nc6 6. Ne2 Bg4 7. f3 Bd7 8. Be3 Qc8 9. Nd2 Bf5 10. Bxf5 Qxf5 11. Qb3 Qd7 12. 0-0 e6 13. f4 c4 14. Qc2 Nge7 15. g4 h5 16. h3 hxg4 17. hxg4 f6 18. Nf3 f5 19. gxf5 Nxf5 20. Kf2 Be7 21. Rh1 0-0-0 22. Ng3 g6 23. Rag1 Rdf8 24. Nxf5 gxf5 25. Rxh8 Rxh8 26. Kf1 Qe8 27. Qg2 Qh5 28. Kf2 Kd7 29. Qg6 Bh4+ 30. Ke2 Be7 31. Kf2 Qh3 32. Qg2 Qh6 33. Qg6 Nd8 34. Qxh6 Rxh6 35. Kg2 Nf7 36. Bf2 b5 37. Rh1 b4 38. Rxh6 Nxh6 39. Bh4 bxc3 40. bxc3 Ba3 41. Be1 Ng4 42. Bd2 Kc6 43. Kf1 Kb5 44. Ke2 Be7 45. Kd1 Ka4 46. Kc2 Nf2 47. Ng5 Ka3 48. Kb1 Ne4 49. Nxe4 fxe4 50. Be3 Ka4 51. Bf2 Ba3 52. Kc2 Kb5 0-1

[Event "Titled Tuesday intern op 01st Dec"]
[Site "Chess.com INT"]
[Date "2020.12.01"]
[Round "8"]
[White "Abdisalimov, Abdimalik"]
[Black "Ondrus, Martin"]
[Result "1-0"]
[WhiteElo "2392"]
[BlackElo "2274"]
[PlyCount "81"]
[EventDate "2020.12.01"]
[EventType "swiss (blitz)"]
[EventRounds "11"]
[EventCountry "USA"]
[SourceTitle "CBM 199 Extra"]
[Source "ChessBase"]
[SourceDate "2021.01.31"]
[SourceVersion "1"]
[SourceVersionDate "2021.01.31"]
[SourceQuality "1"]

1. d4 d5 2. c4 c6 3. g3 e6 4. Bg2 dxc4 5. Nf3 b5 6. 0-0 Bb7 7. a4 a6 8. Ne5 Qc7 9. Nc3 Nf6 10. axb5 cxb5 11. Nxb5 axb5 12. Rxa8 Bxa8 13. Bxa8 Nbd7 14. Bf4 Bd6 15. Nxd7 Qxd7 16. Bxd6 Qxd6 17. e3 0-0 18. Bg2 Qb4 19. Qc2 Nd5 20. e4 Nb6 21. Ra1 Na4 22. Rb1 Rd8 23. d5 exd5 24. exd5 Nc5 25. Qc3 Nd3 26. Qxb4 Nxb4 27. b3 c3 28. Rc1 c2 29. Be4 Kf8 30. Kf1 Rc8 31. Ke2 Ke7 32. Kd2 h6 33. Bxc2 Nxc2 34. Rxc2 Rb8 35. Rc5 Kd6 36. b4 Ra8 37. Rxb5 Ra2+ 38. Ke3 Ra3+ 39. Ke4 Ra2 40. Rb6+ Kd7 41. Rb7+ 1-0

[Event "Titled Tuesday intern op 01st Dec"]
[Site "Chess.com INT"]
[Date "2020.12.01"]
[Round "4"]
[White "Ondrus, Martin"]
[Black "Ronka, Erik"]
[Result "0-1"]
[WhiteElo "2274"]
[BlackElo "2303"]
[PlyCount "50"]
[EventDate "2020.12.01"]
[EventType "swiss (blitz)"]
[EventRounds "11"]
[EventCountry "USA"]
[SourceTitle "CBM 199 Extra"]
[Source "ChessBase"]
[SourceDate "2021.01.31"]
[SourceVersion "1"]
[SourceVersionDate "2021.01.31"]
[SourceQuality "1"]

1. e4 d5 2. exd5 Qxd5 3. Nc3 Qd6 4. d4 Nf6 5. Nf3 a6 6. g3 Bg4 7. Bg2 Nc6 8. 0-0 0-0-0 9. Bf4 Qb4 10. Ne2 Bxf3 11. Bxf3 Nxd4 12. Nxd4 Qxd4 13. Qe2 e6 14. Rad1 Qb6 15. Rxd8+ Kxd8 16. c4 Be7 17. a3 Kc8 18. b4 Rd8 19. Be3 Qd6 20. Qb2 Qd3 21. c5 Nd5 22. Rd1 Qg6 23. Bc1 Bf6 24. Qb3 Nc3 25. Rxd8+ Kxd8 0-1

[Event "Titled Tuesday intern op 24th Nov"]
[Site "Chess.com INT"]
[Date "2020.11.24"]
[Round "2"]
[White "Melian, Juan Sebastian"]
[Black "Ondrus, Martin"]
[Result "1-0"]
[WhiteElo "1950"]
[BlackElo "2274"]
[PlyCount "47"]
[EventDate "2020.11.24"]
[EventType "swiss (blitz)"]
[EventRounds "11"]
[EventCountry "USA"]
[SourceTitle "CBM 199 Extra"]
[Source "ChessBase"]
[SourceDate "2021.01.31"]
[SourceVersion "1"]
[SourceVersionDate "2021.01.31"]
[SourceQuality "1"]

1. d4 d5 2. Nf3 c5 3. e3 Nf6 4. b3 cxd4 5. exd4 Nc6 6. Bd3 Bg4 7. 0-0 e6 8. a3 Nxd4 9. Nbd2 Be7 10. h3 Bh5 11. Bb2 Nxf3+ 12. Nxf3 0-0 13. Be2 Rc8 14. Ne5 Bxe2 15. Qxe2 Ne4 16. c4 Bf6 17. Rad1 Re8 18. Ng4 Bxb2 19. Qxb2 Qg5 20. cxd5 exd5 21. Ne3 Rcd8 22. Rd4 Nxf2 23. Rg4 Qh6 24. Nf5 1-0

[Event "SVK-chT1W 1819"]
[Site "Slovakia"]
[Date "2019.02.02"]
[Round "7.3"]
[White "Jablonicky, Frantisek"]
[Black "Ondrus, Martin"]
[Result "0-1"]
[WhiteElo "2040"]
[BlackElo "2252"]
[PlyCount "66"]
[EventDate "2018.10.27"]
[EventType "team-tourn"]
[EventRounds "11"]
[EventCountry "SVK"]
[SourceTitle "CBM 188 Extra"]
[Source "ChessBase"]
[SourceDate "2019.02.26"]
[SourceVersion "1"]
[SourceVersionDate "2019.02.26"]
[SourceQuality "1"]
[WhiteTeam "Trnava Sered"]
[BlackTeam "Nitra NSK"]
[WhiteTeamCountry "SVK"]
[BlackTeamCountry "SVK"]

1. g3 d5 2. f4 g6 3. Nf3 Bg7 4. Bg2 Nh6 5. 0-0 Nf5 6. e3 0-0 7. d3 c5 8. e4 dxe4 9. dxe4 Nd4 10. c3 Nxf3+ 11. Qxf3 Nc6 12. Na3 Bd7 13. Be3 Qc8 14. Qf2 b6 15. Rfd1 Bg4 16. Rd2 Rd8 17. Rxd8+ Qxd8 18. f5 Ne5 19. Qf1 Qd3 20. Qxd3 Nxd3 21. Rb1 Rd8 22. Kf1 gxf5 23. h3 f4 24. gxf4 Bh5 25. f5 Be5 26. Nb5 a6 27. Na7 Rd7 28. Nc6 Bf4 29. Bg1 Nc1 30. Bh1 Rd1+ 31. Kg2 Rd2+ 32. Kf1 Be2+ 33. Kg2 Bd3+ 0-1

[Event "SVK-ch rapid"]
[Site "Velky Cetin"]
[Date "2018.04.28"]
[Round "9"]
[White "Ondrus, Martin"]
[Black "Pacher, Milan"]
[Result "1-0"]
[WhiteElo "2347"]
[BlackElo "2522"]
[PlyCount "101"]
[EventDate "2018.04.28"]
[EventType "swiss (rapid)"]
[EventRounds "9"]
[EventCountry "SVK"]
[SourceTitle "CBM 184 Extra"]
[Source "ChessBase"]
[SourceDate "2018.06.28"]
[SourceVersion "1"]
[SourceVersionDate "2018.06.28"]
[SourceQuality "1"]

1. e4 c5 2. Nf3 e6 3. d4 cxd4 4. Nxd4 Nc6 5. Nc3 Qc7 6. Be3 a6 7. f4 Bb4 8. Bd3 Nf6 9. 0-0 Bxc3 10. bxc3 b5 11. a4 bxa4 12. Rxa4 Bb7 13. Qe2 0-0 14. Nb3 d6 15. c4 Ne7 16. c5 d5 17. e5 Ne4 18. Qe1 Nf5 19. g4 Nxe3 20. Qxe3 Bc6 21. Ra5 f6 22. exf6 Rxf6 23. Rxa6 Raf8 24. Nd4 Bd7 25. Bxe4 dxe4 26. Qxe4 Qxc5 27. g5 Rxf4 28. Rxf4 Qxg5+ 29. Rg4 Qc1+ 30. Kg2 Qf1+ 31. Kg3 Qxa6 32. Qe5 g6 33. Rf4 Qa3+ 34. Rf3 Rxf3+ 35. Nxf3 Qe7 36. c4 h6 37. c5 Bc6 38. Nd4 Bd5 39. c6 Qa3+ 40. Kf4 Qc1+ 41. Kg3 Qg1+ 42. Kh4 Qf2+ 43. Kg4 Qg2+ 44. Kh4 Qf2+ 45. Kg4 g5 46. Kh5 Qh4+ 47. Kg6 Be4+ 48. Kf6 g4+ 49. Kxe6 Bg6 50. c7 Bf7+ 51. Kd6 1-0

[Event "EU-ch blitz"]
[Site "Katowice"]
[Date "2017.12.15"]
[Round "22"]
[White "Smieszek, Wojciech"]
[Black "Ondrus, Martin"]
[Result "1-0"]
[WhiteElo "2185"]
[BlackElo "2261"]
[PlyCount "99"]
[EventDate "2017.12.15"]
[EventType "swiss (blitz)"]
[EventRounds "22"]
[EventCountry "POL"]
[SourceTitle "CBM 182 Extra"]
[Source "ChessBase"]
[SourceDate "2018.02.23"]
[SourceVersion "1"]
[SourceVersionDate "2018.02.23"]
[SourceQuality "1"]

1. e4 c5 2. Nf3 d6 3. d4 cxd4 4. Nxd4 Nf6 5. Nc3 a6 6. Nb3 e6 7. g4 h6 8. h4 Nc6 9. Rg1 Nd7 10. g5 hxg5 11. hxg5 g6 12. Be3 Qc7 13. Qd2 Nce5 14. 0-0-0 Nf3 15. Qe2 Nxg1 16. Qg4 Ne5 17. Qxg1 Bd7 18. f4 Nc4 19. Bd4 Rh7 20. Bf6 Be7 21. Bxe7 Kxe7 22. Qd4 Rc8 23. Qf6+ Ke8 24. f5 Qd8 25. Qd4 e5 26. Qd5 Qxg5+ 27. Kb1 Ne3 28. Qd2 Rh5 29. Qxd6 Nxd1 30. f6 Qxf6 31. Qxf6 Ne3 32. Nd5 Nxd5 33. exd5 Bf5 34. d6 Kd7 35. Qe7+ Kc6 36. Bg2+ e4 37. Bxe4+ Bxe4 38. Qxe4+ Kxd6 39. a3 f5 40. Qxb7 Rhh8 41. Qxa6+ Ke5 42. Qxg6 f4 43. Nd2 Rhf8 44. Qe4+ Kd6 45. Nf3 Rce8 46. Qd4+ Kc6 47. c4 Re3 48. Qd5+ Kc7 49. Qc5+ Kb7 50. Qxf8 1-0

[Event "Prague Pankrac Cup"]
[Site "Prague"]
[Date "2017.09.26"]
[Round "2"]
[White "Ondrus, Martin"]
[Black "Vokoun, Jan"]
[Result "1/2-1/2"]
[WhiteElo "2290"]
[BlackElo "2172"]
[PlyCount "59"]
[EventDate "2017.09.19"]
[EventType "swiss"]
[EventRounds "7"]
[EventCountry "CZE"]
[SourceTitle "EXT 2019"]
[Source "ChessBase"]
[SourceDate "2018.10.10"]
[SourceVersion "1"]
[SourceVersionDate "2018.10.10"]
[SourceQuality "1"]

1. e4 c5 2. Nf3 a6 3. Nc3 e6 4. d4 cxd4 5. Nxd4 Qc7 6. Bd3 Bd6 7. Be3 Ne7 8. Qg4 Ng6 9. g3 Bb4 10. f4 h5 11. Qf3 Bxc3+ 12. bxc3 Qxc3+ 13. Kf2 Nc6 14. Ne2 Qa3 15. Rhb1 b5 16. Rb3 Qe7 17. e5 Rb8 18. Rc3 f5 19. exf6 Qxf6 20. Rd1 Nge7 21. Rc5 d5 22. c3 e5 23. fxe5 Qxf3+ 24. Kxf3 Nxe5+ 25. Kg2 Bg4 26. Bf4 Nxd3 27. Rxd3 Rb7 28. Nd4 Kf7 29. Bg5 Rc8 30. Bxe7 1/2-1/2

[Event "SVK-chT1W 1516"]
[Site "Slovakia"]
[Date "2015.12.13"]
[Round "6.2"]
[White "Ondrus, Martin"]
[Black "Hanko, Pavol"]
[Result "1-0"]
[WhiteElo "2317"]
[BlackElo "2144"]
[PlyCount "107"]
[EventDate "2015.10.24"]
[EventType "team-tourn"]
[EventRounds "11"]
[EventCountry "SVK"]
[SourceTitle "CBM 170 Extra"]
[Source "ChessBase"]
[SourceDate "2016.02.25"]
[SourceVersion "1"]
[SourceVersionDate "2016.02.25"]
[SourceQuality "1"]
[WhiteTeam "Nitra"]
[BlackTeam "Prievidza"]
[WhiteTeamCountry "SVK"]
[BlackTeamCountry "SVK"]

1. e4 c5 2. Nf3 e6 3. d4 cxd4 4. Nxd4 Nf6 5. Nc3 d6 6. Be3 a6 7. f3 b5 8. Qd2 Bb7 9. g4 h6 10. 0-0-0 Nbd7 11. h4 b4 12. Na4 Qa5 13. b3 Nc5 14. a3 Nxa4 15. axb4 Qc7 16. bxa4 Nd7 17. b5 Ne5 18. bxa6 Bxa6 19. Nb5 Qc6 20. Nxd6+ Bxd6 21. Qxd6 Qxd6 22. Rxd6 Bxf1 23. Rxf1 Nc4 24. Rd3 Nxe3 25. Rxe3 Rxa4 26. Kd2 0-0 27. h5 Ra2 28. Rb1 Kh7 29. Rb7 g6 30. hxg6+ Kxg6 31. Rb5 Re8 32. Reb3 Rc8 33. Rc3 Rd8+ 34. Ke3 Re8 35. Rc7 e5 36. Rbb7 Rf8 37. Rc6+ f6 38. Re7 Ra5 39. f4 exf4+ 40. Kxf4 Ra1 41. e5 Rf1+ 42. Kg3 Rg1+ 43. Kf3 Rf1+ 44. Kg2 Rc1 45. Ree6 Kg5 46. Rxf6 Re8 47. Rg6+ Kf4 48. e6 Re1 49. Rc4+ Ke5 50. Rxh6 Kd5 51. Rc7 Rg8 52. Rd7+ Ke5 53. e7 Kf4 54. Rf6+ 1-0

[Event "SVK-chT1W 1415"]
[Site "Slovakia"]
[Date "2015.03.14"]
[Round "10.6"]
[White "Ondrus, Martin"]
[Black "Hanko, Pavol"]
[Result "1-0"]
[WhiteElo "2320"]
[BlackElo "2133"]
[PlyCount "57"]
[EventDate "2014.10.18"]
[EventType "team-tourn"]
[EventRounds "11"]
[EventCountry "SVK"]
[SourceTitle "EXT 2016"]
[Source "ChessBase"]
[SourceDate "2015.10.08"]
[SourceVersion "1"]
[SourceVersionDate "2015.10.08"]
[SourceQuality "1"]
[WhiteTeam "Nitra NSK"]
[BlackTeam "Prievidza SK"]
[WhiteTeamCountry "SVK"]
[BlackTeamCountry "SVK"]

1. e4 c5 2. Nf3 e6 3. d4 cxd4 4. Nxd4 Nf6 5. Nc3 d6 6. Be3 Nc6 7. f3 a6 8. Qd2 Qc7 9. 0-0-0 Be7 10. g4 b5 11. Nxc6 Qxc6 12. Ne2 Bb7 13. Nd4 Qc7 14. h4 d5 15. e5 Nd7 16. f4 Bc5 17. Qf2 Rc8 18. Kb1 b4 19. Bd3 Bxd4 20. Bxd4 Nc5 21. f5 Ne4 22. Qe3 Qa5 23. Rhf1 Bc6 24. fxe6 fxe6 25. Bb6 d4 26. Qxd4 Qd5 27. Qxb4 Qxe5 28. Rfe1 a5 29. Bxa5 1-0

[Event "SVK-chT 1213"]
[Site "Slovakia"]
[Date "2012.10.28"]
[Round "2.1"]
[White "Ondrus, Martin"]
[Black "Jurcik, Martin"]
[Result "1/2-1/2"]
[WhiteElo "2315"]
[BlackElo "2362"]
[PlyCount "42"]
[EventDate "2012.10.27"]
[EventType "team-tourn"]
[EventRounds "11"]
[EventCountry "SVK"]
[SourceTitle "EXT 2013"]
[Source "ChessBase"]
[SourceDate "2012.11.22"]
[SourceVersion "1"]
[SourceVersionDate "2012.11.22"]
[SourceQuality "1"]
[WhiteTeam "Nitra"]
[BlackTeam "Cadca"]
[WhiteTeamCountry "SVK"]
[BlackTeamCountry "SVK"]

1. e4 d6 2. d4 Nf6 3. Nc3 e5 4. Nf3 Nbd7 5. Bc4 Be7 6. 0-0 0-0 7. Re1 c6 8. a4 a5 9. h3 Nb6 10. Ba2 Nfd7 11. Be3 exd4 12. Qxd4 Nc5 13. Rad1 Be6 14. Bxe6 fxe6 15. b3 Qe8 16. e5 d5 17. Qg4 Nbd7 18. Ne2 Qf7 19. Ng3 Kh8 20. Rd4 Rae8 21. Re2 Bd8 1/2-1/2